000 00317nam a2200133Ia 4500
005 20251222144624.0
008 251222s9999||||xx |||||||||||||| ||spa||
020 _a950-511-783-3
082 _a869.26/B12
100 _aBaccanera, Jorge
245 0 _aLa Pasión de los Poetas:
264 _bAlfaguara
942 _cLIB
999 _c16050
_d16050